01151cam a22002651 4500001001300000003000400013005001700017008004100034010001700075035001900092040004300111042001200154050002400166051002600190100003700216245019500253260002900448300009600477490007000573500004800643500009400691500006300785650002000848999001700868gs 27000042 DLC20260227111331.0791013s1925 tnuab s000 0 eng c ags 27000042  a(OCoLC)5522372 aU.S. Geol. Survey LibrarycViHarTdDLC apremarc00aQE165b.A2 no. 33-A aTN805.T2bN4cCopy 2.1 aNelson, Wilbur Armistead,d1889-14aThe southern Tennessee coal fieldbincluded in Bledsoe, Cumberland, Franklin, Grundy, Hamilton, Marion, Putnam, Rhea, Sequatchie, Van Buren, Warren, and White counties,cby Wilbur A. Nelson. aNashville, Tenn.,c1925. axvi, 239 p.bincl. illus., tables, diagr. VIII pl. (incl. fold. map, fold. profile)c23 cm.0 aTennessee. Dept. of Education. Division of Geology. Bulletin 33-A aBound together with Bulletin 33-C and 33-D. a"Analyses of mine samples," by A. C. Fieldner, H. M. Cooper and F. D. Osgood: p. 232-233. a"Analyses of delivered coal," by N. H. Snyder: p. 234-235. 0aCoalzTennessee c26533d26533